The supply of petroleum reserves in South-East Asia : Economic implications of evolving property rights arrangements

Bibliographic Details
Main Author: Siddayao, Corazon Morales
Format: Book
Published: Kuala Lumpur : Oxford University Press , 1980
Subjects:

MARC

LEADER 00000cam a2200000 7i4500
001 0000007181
005 20050415.0
020 |a 019580466 
040 |a INS 
090 0 0 |a HD9576.A2   |b S53 1980 
100 1 |a Siddayao, Corazon Morales 
245 1 4 |a The supply of petroleum reserves in South-East Asia :   |b Economic implications of evolving property rights arrangements   |c Corazon Morales Siddayao 
260 |a Kuala Lumpur :   |b Oxford University Press ,   |c 1980 
300 |a 240p. ;   |c 23 cm. 
650 0 0 |a Petroleum   |x Reserves   |z Southeast Asia 
999 |a 0000000457   |b BOOK   |c Open Shelf   |e Default branch